Normal view
MARC view
Entry Personal Name
001 - CONTROL NUMBER
- control field: 42231
003 - CONTROL NUMBER IDENTIFIER
- control field: dpl
005 - DATE AND TIME OF LATEST TRANSACTION
- control field: 20120216112917.0
008 - FIXED-LENGTH DATA ELEMENTS
- fixed length control field: 120216|||a|||||| | ||| d
040 ## - CATALOGING SOURCE
- Original cataloging agency: dpl
- Transcribing agency: dpl
100 ## - HEADING--PERSONAL NAME
- Personal name: मुले, गुणाकर
670 ## - SOURCE DATA FOUND
- Source citation: Work cat.: (dpl): मुले, गुणाकर, भारतीय विज्ञान की कहानी/, 2012 (पु.मु.)
670 ## - SOURCE DATA FOUND
- Source citation: Work cat.: (dpl): मुले, गुणाकर, भारतीय विज्ञान की कहानी/, 2012 (पु.मु.)
